Normal view MARC view
  • Sheets, William

Entry Personal Name

Number of records used in: 2

001 - CONTROL NUMBER

  • control field: 103706

003 - CONTROL NUMBER IDENTIFIER

  • control field: NUST

005 - DATE AND TIME OF LATEST TRANSACTION

  • control field: 20221128151226.0

008 - FIXED-LENGTH DATA ELEMENTS

  • fixed length control field: 221128|| aca||aabn | a|a d

040 ## - CATALOGING SOURCE

  • Original cataloging agency: NUST
  • Transcribing agency: NUST

100 ## - HEADING--PERSONAL NAME

  • Personal name: Sheets, William

670 ## - SOURCE DATA FOUND

  • Source citation: Work cat.: (NUST)175683: Graf, Rudolf F. 63715, The encyclopedia of electronic circuits /, c1985-<c1999 >
© 2023 Central Library, National University of Sciences and Technology. All Rights Reserved.